Colorado A-Z - Statistics

General Stats
  • This quiz has been taken 37 times
  • The average score is 14 of 26
Answer Stats
Hint Answer % Correct
D Capital city of Colorado Denver
97%
J Famous musician and singer known for his hits like "Rocky Mountain High" (First name) John Denver
97%
A Expensive ski town popular with the wealthy Aspen
94%
B City known for its liberal culture and home to University of Colorado Boulder
94%
C Second largest city in Colorado Colorado Springs
88%
N State that Colorado shares the iconic "Four Corners" with New Mexico
88%
F Name of the historic fort in northern Colorado that is now a city with over 150,000 residents Fort Collins
76%
V Ski resort town popular with celebrities Vail
73%
R Mountain range running through a big portion of Colorado The Rockies
70%
W Largely empty state that Colorado borders to the north Wyoming
70%
M Nickname of D Mile High City
67%
X Annual extreme sports competition held in A X Games
58%
E Tallest mountain in Colorado Mount Elbert
55%
P Iconic mountain visible from C Pikes Peak
55%
T Mountain town known for its ski resorts and jazz festival Telluride
55%
U Native American tribe with historical ties to southwestern Colorado Ute
55%
G National Park in southern Colorado known for its huge sand dunes Great Sand Dunes
52%
L Historic mining town sitting at over 10,000 feet in elevation Leadville
36%
O International organization that has its official headquarters and training center in C Olympic & Paralympic Committee
36%
Q Quiet Denver suburb, also shares name with a U.S. president's estate Quincy
30%
I Mountain town founded during the Colorado Gold Rush with a name similar to that of a nearby state Idaho Springs
27%
S Famous hotel that inspired the famous movie "The Shining" The Stanley Hotel
24%
Y River running through northern Colorado Yampa River
21%
H Famous ski racer and Olympic gold medalist born in V Jimmie Heuga
3%
K Scenic mountain pass home to one of the largest Aspen groves in the world Kebler Pass
3%
Z Scenic area and waterfall in the San Luis Valley Zapata Falls
3%
No matching quizzes found
Score Distribution
Percent of People with Each Score
Percentile by Number Answered
Your Score History
You have not taken this quiz